Biblioteca y Centro de Documentación

La eficacia y la eficiencia del Derecho del Trabajo: reflexiones sobre un Derecho cuestionado por la economía y el desempleo (Registro nro. 45708)

Detalles MARC
000 -CABECERA
Longitud fija campo de control 01000naa a2200241 4500
001 - NÚMERO DE CONTROL
Número de control 45708
003 - IDENTIFICADOR DE NÚMERO DE CONTROL
Identificador del número de control ES-MaCES
005 - FECHA Y HORA DE LA ÚLTIMA TRANSACCIÓN
Fecha y hora de la última transacción 20150724120110.0
008 - CAMPO FIJO DE DESCRIPCIÓN FIJA--INFORMACIÓN GENERAL
Códigos de información de longitud fija   000000s2014 sp ||||| t||||||| ||spa d
040 ## - FUENTE DE CATALOGACIÓN
Centro catalogador de origen ES-MaCES
Lengua de catalogación spa
Centro transcriptor ES-MaCES
100 1# - ENCABEZAMIENTO PRINCIPAL--NOMBRE PERSONAL
9 (RLIN) 9200
Nombre de persona Casas Baamonde, María Emilia
245 13 - MENCIÓN DE TÍTULO
Título La eficacia y la eficiencia del Derecho del Trabajo: reflexiones sobre un Derecho cuestionado por la economía y el desempleo
Mención de responsabilidad, etc. María Emilia Casas Baamonde
500 ## - NOTA GENERAL
Nota general Resumen
650 #4 - ASIENTO SECUNDARIO DE MATERIA--TÉRMINO DE MATERIA
9 (RLIN) 27165
Término de materia o nombre geográfico como elemento inicial derecho del trabajo
650 #4 - ASIENTO SECUNDARIO DE MATERIA--TÉRMINO DE MATERIA
9 (RLIN) 27025
Término de materia o nombre geográfico como elemento inicial política económica
650 #4 - ASIENTO SECUNDARIO DE MATERIA--TÉRMINO DE MATERIA
9 (RLIN) 28308
Término de materia o nombre geográfico como elemento inicial desempleo
650 #4 - ASIENTO SECUNDARIO DE MATERIA--TÉRMINO DE MATERIA
9 (RLIN) 29924
Término de materia o nombre geográfico como elemento inicial derechos de los trabajadores
653 10 - TÉRMINO DE INDEXACIÓN--NO CONTROLADO
Término no controlado Derecho del trabajo y Seguridad Social
650 #4 - ASIENTO SECUNDARIO DE MATERIA--TÉRMINO DE MATERIA
9 (RLIN) 28300
Término de materia o nombre geográfico como elemento inicial política de empleo
773 0# - ENTRADA DE DOCUMENTO FUENTE
Itemnumber del ítem fuente 82128
Lugar, editor y fecha de publicación Las Rozas, Madrid (Monterrey, 1, 28230) La Ley
Otro identificador del documento 085032
Título Relaciones laborales
Número de control del registro relacionado (ES-MaCES)25210
Parte(s) relacionada(s) año 30, n. 10 (oct. 2014) {10194 R. 085032} ;p. 15-44
902 ## - CES. TIPO DE DOCUMENTO
Tipodoc (006$c Sirtex) ART Artículo de revista
942 ## - ELEMENTOS KOHA
Fuente de clasificaión o esquema Clasificación propia del CES
Koha [por defecto] tipo de item Artículos (1982-2017)
Parte de clasificación Derecho del Trabajo y Seguridad Social

No hay ítems disponibles.

© CES, Consejo Económico y Social de España 2021